00751nam a2200217Ia 4500003000900000008004100009020001800050040001600068080001500084100001500099245010400114260003900218300001500257650002700272650003100299650002600330650002300356942000700379999001700386952013000403IN-BaIIA211028s9999 xx 000 0 eng d a81-87972-03-3 cIIA Library a681.3bAXE aAxelson, J 0aSerial port completebprogramming and circuits for RS-232 and RS-485 links and networkscJ. Axelson aMumbaibPenram Internationalc1998 axiv, 306p. aMicrocontroller926656 aNetwork programming927140 aPC Programming927141 aSerial port927142 cBK c15069d15069 00104070aBANbBANcGENd2003-05-06eEDS g300.00l0o681.3/ AXEp15991r2021-11-05v300.00w2003-05-06yBKGRs. 300.00